| 000 | 01009nas a2200313 4500 | ||
|---|---|---|---|
| 001 | BR2014000509 | ||
| 003 | BR-BrBNA | ||
| 005 | 20231205123630.0 | ||
| 007 | ta | ||
| 008 | 230509b bl.|||p| |||| 00| 00por d | ||
| 040 |
_aBR-BrBNA _bpor _cBiblioteca Nacional de Agricultura |
||
| 041 | _a(Pt) | ||
| 072 | _aP33; Q70 | ||
| 100 | 1 | _aCamilotti, F. | |
| 100 | 1 | _aAndrioli, I. | |
| 100 | 1 | _aMarques, M.O. | |
| 100 | 1 | _aSilva, A.R. da | |
| 100 | 1 | _aTasso Júnior, L.C. | |
| 100 | 1 | _aNobile, F.O. de | |
| 245 | 1 | _aAtributos físicos de um latossolo cultivado com cana-de-açúcar após aplicações de lodo de esgoto e vinhaça | |
| 650 | _aRESÍDUO INDUSTRIAL | ||
| 650 | _aLODO RESIDUAL | ||
| 650 | _aFÍSICA DO SOLO | ||
| 650 | _aMATÉRIA ORGÂNICA | ||
| 773 | 0 |
_tEngenharia Agrícola (Brazil) _xISSN 0100-6916 _g(Sep-Dec 2006), v. 26(3) p. 738-747 _wBR2014000509 |
|
| 856 | 4 | 0 | _uhttp://www.scielo.br/pdf/eagri/v26n3/10.pdf |
| 909 |
_a202311 _bLúcia _c55 _dLúcia Elande |
||
| 942 |
_2AGRIS _n0 _cANA |
||
| 999 |
_c234894 _d234894 |
||